Statistics for 21st Century NBA Champions

Click here to take the quiz!

General Stats

  • This quiz has been taken 73,058 times
    (27,227 since last reset)
  • The average score is 10 of 11

Answer Stats

YearTeam% Correct
2000, 2001, 2002, 2009, 2010, 2020Los Angeles Lakers
99%
2015, 2017, 2018, 2022Golden State Warriors
96%
2006, 2012, 2013Miami Heat
92%
2023Denver Nuggets
91%
2008Boston Celtics
87%
2016Cleveland Cavaliers
87%
2021Milwaukee Bucks
87%
2003, 2005, 2007, 2014San Antonio Spurs
86%
2019Toronto Raptors
83%
2011Dallas Mavericks
79%
2004Detroit Pistons
71%

Score Distribution

Percentile by Number Answered

Percent of People with Each Score

Your Score History

You have not taken this quiz since the last reset